Projection-Based Clustering through Self-Organization and Swarm Intelligence: Combining Cluster Analysis with the Visualization of High-Dimensional Data (Record no. 16139)

MARC details
000 -LEADER
fixed length control field 00745nam a2200121Ia 4500
008 - FIXED-LENGTH DATA ELEMENTS--GENERAL INFORMATION
fixed length control field 220615s9999||||xx |||||||||||||| ||und||
100 ## - MAIN ENTRY--PERSONAL NAME
Personal name Michael Christoph Thrun
245 #0 - TITLE STATEMENT
Title Projection-Based Clustering through Self-Organization and Swarm Intelligence: Combining Cluster Analysis with the Visualization of High-Dimensional Data
546 ## - LANGUAGE NOTE
Language note English[eng]
650 ## - SUBJECT ADDED ENTRY--TOPICAL TERM
Topical term or geographic name entry element Visualization||Knowledge Discovery||Swarm Intelligence||Unsupervised Machine Learning||Data Science||Game Theory||3D Printing||Dimensionality Reduction||Multivariate Data||Analysis of Structured Data||Self-Organization||Emergence||Advanced Analytics||High-Dimensional Data||Cluster Analysis
856 ## - ELECTRONIC LOCATION AND ACCESS
Uniform Resource Identifier <a href="https://link.springer.com/book/10.1007/978-3-658-20540-9">https://link.springer.com/book/10.1007/978-3-658-20540-9</a>
942 ## - ADDED ENTRY ELEMENTS (KOHA)
Koha item type E-Books
Holdings
Withdrawn status Lost status Damaged status Not for loan Home library Current library Date acquired Total Checkouts Date last seen Price effective from Koha item type
        Kerala University of Digital Sciences, Innovation and Technology Knowledge Centre Kerala University of Digital Sciences, Innovation and Technology Knowledge Centre 15/06/2022   15/06/2022 15/06/2022 E-Books